Samskrit nibhand - manjusha/ (Record no. 181288)

000 -LEADER
fixed length control field 00389nam a22001457a 4500
020 ## - INTERNATIONAL STANDARD BOOK NUMBER
ISBN 9789382443483
082 ## - DEWEY DECIMAL CLASSIFICATION NUMBER
Classification number S 891.2
Item number UDA/S
100 ## - MAIN ENTRY--AUTHOR NAME
Personal name Uday Shankar Jha
245 ## - TITLE STATEMENT
Title Samskrit nibhand - manjusha/
Statement of responsibility, etc by Uday Shankar Jha
260 ## - PUBLICATION, DISTRIBUTION, ETC. (IMPRINT)
Place of publication Varanasi:
Name of publisher Chaukhamba Surbharati Prakashan,
Year of publication 2025.
300 ## - PHYSICAL DESCRIPTION
Number of Pages 431p.
650 ## - SUBJECT ADDED ENTRY--TOPICAL TERM
Topical Term Literature Sanskrit
650 ## - SUBJECT ADDED ENTRY--TOPICAL TERM
Topical Term Literature
942 ## - ADDED ENTRY ELEMENTS (KOHA)
Koha item type Book
Holdings
Withdrawn status Lost status Damaged status Not for loan Permanent Location Current Location Shelving location Date acquired Cost, normal purchase price Full call number Accession Number Price effective from Koha item type
        Sree Sankaracharya University of Sanskrit Sree Sankaracharya University of Sanskrit Stacks 24.04.2026 225.00 S 891.2 UDA/S 108452 24.04.2026 Book
        Sree Sankaracharya University of Sanskrit Sree Sankaracharya University of Sanskrit Stacks 24.04.2026 225.00 S 891.2 UDA/S 108453 24.04.2026 Book